|
|
|
|
| LEADER |
00000nam a2200000 4500 |
| 001 |
vtls012082175 |
| 003 |
SK-MaSNL |
| 005 |
20260302062043.0 |
| 008 |
211231s2010 gw al f n 000 0 eng |
| 015 |
|
|
|a SNBZSA2023/08
|
| 020 |
|
|
|a 9783642067624
|q (brožované)
|
| 040 |
|
|
|a SNK
|b slo
|c SNK
|e rda
|
| 041 |
0 |
|
|a eng
|
| 044 |
|
|
|a gw
|c DE
|
| 080 |
|
|
|a 530.145
|2 2001
|
| 080 |
|
|
|a (048.8)
|2 2011
|
| 080 |
|
|
|a (062.534)
|2 2011
|
| 080 |
|
|
|a 535.14
|2 2011
|
| 111 |
2 |
|
|a Quantum Coherence in Matter. From Quarks to Solids
|d (2004 :
|c Schladminge, Rakúsko)
|4 aut
|9 721589
|
| 245 |
1 |
0 |
|a Quantum coherence
|b from quarks to solids
|c W. Pötz, J. Fabian, U. Hohenester (eds.)
|
| 264 |
|
1 |
|a Berlin
|a Heidelberg
|b Springer
|c [2010]
|
| 264 |
|
4 |
|c ©2010
|
| 300 |
|
|
|a xiv, 189 strán
|b grafy, obrázky
|c 25 cm
|
| 336 |
|
|
|a text
|b txt
|2 rdacontent
|
| 337 |
|
|
|a bez média
|b n
|2 rdamedia
|
| 338 |
|
|
|a zväzok
|b nc
|2 rdacarrier
|
| 490 |
1 |
|
|a Lecture notes in physics
|v 689
|
| 500 |
|
|
|a Obsahuje profesijné údaje o prispievateľoch
|
| 500 |
|
|
|a Prednášky boli prednesené na medzinárodnej konferencii, ktorá sa konala v Schladminge (Rakúsko) od 28 februára do 6.3.2004 a prezentovaná pod názvom "Quantum Coherence in Matter. From Quarks to Solids"
|
| 504 |
|
|
|a Bibliografia za jednotlivými kapitolami
|
| 650 |
0 |
7 |
|a kvantové informácie
|2 SNKPH
|9 721590
|
| 650 |
0 |
7 |
|a kvantová fyzika
|2 SNKPH
|9 68308
|
| 650 |
0 |
7 |
|a Quantum physics
|2 SNKPHeng
|9 327208
|
| 650 |
0 |
7 |
|a kvantová optika
|2 SNKPH
|9 69876
|
| 650 |
0 |
7 |
|a Quantum optics
|2 SNKPHeng
|9 108462
|
| 655 |
|
7 |
|a štúdie
|2 SNKPH
|9 57033
|
| 655 |
|
7 |
|a zborníky konferencií
|2 SNKPH
|9 70153
|
| 655 |
|
7 |
|a Studies
|2 SNKPHeng
|9 265573
|
| 655 |
|
7 |
|a Proceedings of conferences
|2 SNKPHeng
|9 265791
|
| 700 |
1 |
|
|a Pötz, Walter
|4 edt
|9 197255
|
| 700 |
1 |
|
|a Fabian, Jaroslav,
|d 1967-
|4 edt
|9 233899
|
| 700 |
1 |
|
|a Hohenester, Ulrich,
|d 1967-
|4 edt
|9 219523
|
| 830 |
|
0 |
|a Lecture notes in physics
|9 508263
|
| 852 |
|
|
|a Slovenská národná knižnica
|
| 919 |
|
|
|a 978-3-642-06762-4
|
| 958 |
|
|
|a ZS
|
| 958 |
|
|
|a NB
|
| 999 |
|
|
|c 1127819
|d 1129749
|
| 952 |
|
|
|a SNK
|b SNK
|y NEVYP
|7 1
|p 17A1492950
|o snkSC 198669
|i snk2022/12355
|8 4
|g 80.65
|0 0
|1 0
|4 0
|d 2021-12-31
|l 0
|r 2025-10-21 00:00:00
|w 2026-02-24
|